00362 2200145 4500001002100000005001500021035002000036245006000056100002300116300001200139260003100151082000800182084001400190990001200204INLIS00000000000206520250527094107 a0010-05250003571 aHari-Hari dalam Naungan Al-Qur'an /cSulaiman Al Kumayi0 aSulaiman Al Kumayi a244 hlm aJakarta :bErlangga,c2002 a200 a200 SUL h a0713113